000 00862cam a22002531 4500
001 sa 68004940
003 DLC
005 20260227112505.0
008 720425s1967 ii ak 000 0 eng
010 _asa 68004940
025 _aPL480:I-E-9720
040 _aDLC
_cDLC
_dDLC
043 _aa-ii---
050 0 0 _aKNS1393.M56
_bA3 1967
082 0 0 _a614
110 1 _aIndia.
_bDepartment of Labour and Employment.
245 1 4 _aThe metalliferous mines regulations, 1961, as modified up to the 28th February, 1967.
260 _aDelhi,
_bManager of Publications,
_c1967.
300 _a102 p.
_billus., forms.
_c24 cm.
350 _aRs1.05, $0.38
500 _aCover title.
500 _aAt head of title: Govt. of India. Ministry of Labour, Employment and Rehabilitation. Dept. of Labour & Employment.
650 0 _aMine safety
_xLaw and legislation
_zIndia.
999 _c80439
_d80439